<?xml version="1.0" encoding="UTF-8"?>
<record
    xmlns:xsi="http://www.w3.org/2001/XMLSchema-instance"
    xsi:schemaLocation="http://www.loc.gov/MARC21/slim http://www.loc.gov/standards/marcxml/schema/MARC21slim.xsd"
    xmlns="http://www.loc.gov/MARC21/slim">

  <leader>00803nam a22002177a 4500</leader>
  <datafield tag="952" ind1=" " ind2=" ">
    <subfield code="a">0001</subfield>
    <subfield code="b">0001</subfield>
    <subfield code="d">2019-04-18</subfield>
    <subfield code="l">1</subfield>
    <subfield code="o">891.73 T64e 2016</subfield>
    <subfield code="p">000677</subfield>
    <subfield code="r">2020-02-06 00:00:00</subfield>
    <subfield code="s">2020-01-10</subfield>
    <subfield code="w">2019-04-18</subfield>
    <subfield code="y">BKS</subfield>
  </datafield>
  <datafield tag="999" ind1=" " ind2=" ">
    <subfield code="c">13175</subfield>
    <subfield code="d">13175</subfield>
  </datafield>
  <controlfield tag="001">16154</controlfield>
  <controlfield tag="003">MIRAKIL</controlfield>
  <controlfield tag="005">20190418140433.0</controlfield>
  <controlfield tag="008">190418b        tu ||||| |||| 00| 0 tur d</controlfield>
  <datafield tag="020" ind1=" " ind2=" ">
    <subfield code="a">9786053328506</subfield>
  </datafield>
  <datafield tag="040" ind1=" " ind2=" ">
    <subfield code="a">TR-AnCHP</subfield>
    <subfield code="b">tur</subfield>
    <subfield code="c">TR-AnCHP</subfield>
  </datafield>
  <datafield tag="082" ind1=" " ind2=" ">
    <subfield code="a">891.73</subfield>
    <subfield code="b">T64e 2016</subfield>
  </datafield>
  <datafield tag="100" ind1=" " ind2=" ">
    <subfield code="a">Tolstoy, L.N.</subfield>
  </datafield>
  <datafield tag="245" ind1=" " ind2=" ">
    <subfield code="a">Efendi ile u&#x15F;a&#x11F;&#x131; :</subfield>
    <subfield code="b">Bir toprak sahibinin sabah&#x131; /</subfield>
    <subfield code="c">Lev Nikolayevi&#xE7; Tolstoy ; Rus&#xE7;a asl&#x131;ndan &#xE7;eviren Ay&#x15F;e Hac&#x131;hasano&#x11F;lu</subfield>
  </datafield>
  <datafield tag="260" ind1=" " ind2=" ">
    <subfield code="a">&#x130;stanbul :</subfield>
    <subfield code="b">T&#xFC;rkiye &#x130;&#x15F; Bankas&#x131; K&#xFC;lt&#xFC;r Yay&#x131;nlar&#x131; ,</subfield>
    <subfield code="c">2016.</subfield>
  </datafield>
  <datafield tag="300" ind1=" " ind2=" ">
    <subfield code="a">138 s.:</subfield>
    <subfield code="c">22 sm.</subfield>
  </datafield>
  <datafield tag="490" ind1=" " ind2=" ">
    <subfield code="a">T&#xFC;rkiye &#x130;&#x15F; Bankas&#x131; K&#xFC;lt&#xFC;r Yay&#x131;nlar&#x131;;</subfield>
    <subfield code="a">Hasan Ali Y&#xFC;cel Klasikler Dizisi ;</subfield>
    <subfield code="v">Genel yay&#x131;n : 3634</subfield>
    <subfield code="v">293.</subfield>
  </datafield>
  <datafield tag="650" ind1=" " ind2=" ">
    <subfield code="a">Rus edebiyat&#x131;</subfield>
    <subfield code="x">Roman</subfield>
  </datafield>
  <datafield tag="700" ind1=" " ind2=" ">
    <subfield code="a">Hac&#x131;hasano&#x11F;lu, Ay&#x15F;e</subfield>
    <subfield code="e">&#xE7;ev.</subfield>
  </datafield>
  <datafield tag="942" ind1=" " ind2=" ">
    <subfield code="2">ddc</subfield>
    <subfield code="c">BKS</subfield>
  </datafield>
</record>
